Now United - Statistics

Estatísticas Gerais
  • Esse quiz foi jogado 221 vezes
  • A pontuação média é 13 de 15
Estatísticas das Respostas
Hint Resposta % Correto
Qual é a tradução do nome: Now United em português? Agora Unidos
98%
Qual o/a integrante mais famoso/a? Any
97%
Quantos integrantes tem? (2021) 18
96%
Em que ano o Now United lançou sua primeira música "Summer In The City"? 2018
96%
De qual país é a Hina? Japão
95%
Krystian representa que pais? China
93%
Qual foi a primeira música do Now United? Summer in the City
93%
Quem rejeitou os Now United 4 vezes? Sina
90%
Quem é considerada a "mãe" do grupo? Heyoon
89%
Quantas meninas tem no grupo? 10
85%
Quem do grupo é vegana? Shivani
83%
Que país Melanie representa? Costa do Marfim
76%
No clipe "Sunday morning" qual integrante sofre um acidente? Sofya
73%
Em qual país o Noah fez Henna nas costas? Índia
71%
Qual a música mais famosa do Now United? Come Together
21%
Nenhum quiz correspondente encontrado
Distribuição das Pontuações
Porcentagem de Pessoas com Cada Pontuação
Percentil de Números Respondidos
Sua Pontuação Histórica
Você não jogou esse quiz